<?xml version="1.0" encoding="UTF-8"?>
<record
    xmlns:xsi="http://www.w3.org/2001/XMLSchema-instance"
    xsi:schemaLocation="http://www.loc.gov/MARC21/slim http://www.loc.gov/standards/marcxml/schema/MARC21slim.xsd"
    xmlns="http://www.loc.gov/MARC21/slim">

  <leader>01047nam a2200229 i 4500</leader>
  <controlfield tag="001">183670</controlfield>
  <controlfield tag="003">ES-MaACL</controlfield>
  <controlfield tag="005">20251108164905.0</controlfield>
  <controlfield tag="008">140918s1872    fr           |||| | fre d</controlfield>
  <datafield tag="245" ind1="0" ind2="3">
    <subfield code="a">Le respect de la vie </subfield>
    <subfield code="b">: s&#xE9;ance de la F&#xE9;d&#xE9;ration G&#xE9;n&#xE9;rale des Instituteurs Belges / </subfield>
    <subfield code="c">discours de M.M. H. Hymans, Fr&#xE9;d&#xE9;ric Passy, A. Visschers, etc ...</subfield>
  </datafield>
  <datafield tag="260" ind1=" " ind2=" ">
    <subfield code="a">Paris : </subfield>
    <subfield code="b">Pichon : </subfield>
    <subfield code="b">Guillaumin, </subfield>
    <subfield code="c">[1872]</subfield>
  </datafield>
  <datafield tag="300" ind1=" " ind2=" ">
    <subfield code="a">115 p. ; </subfield>
    <subfield code="c">16 cm.</subfield>
  </datafield>
  <datafield tag="490" ind1="1" ind2=" ">
    <subfield code="a">Biblioth&#xE8;que de la paix publi&#xE9;e par les soins de la Ligue internationale et permanente de la paix ; </subfield>
    <subfield code="v">12</subfield>
  </datafield>
  <datafield tag="650" ind1="0" ind2="4">
    <subfield code="a">Pacifismo.</subfield>
    <subfield code="9">15784</subfield>
  </datafield>
  <datafield tag="700" ind1="1" ind2=" ">
    <subfield code="a">Hymans, Henri, </subfield>
    <subfield code="d">1836-1912</subfield>
    <subfield code="9">64882</subfield>
  </datafield>
  <datafield tag="700" ind1="0" ind2=" ">
    <subfield code="a">Passy, Fr&#xE9;d&#xE9;ric.</subfield>
    <subfield code="9">89461</subfield>
  </datafield>
  <datafield tag="700" ind1="1" ind2=" ">
    <subfield code="a">Visschers, Auguste, </subfield>
    <subfield code="d">1804-1874</subfield>
    <subfield code="9">155541</subfield>
  </datafield>
  <datafield tag="710" ind1="2" ind2=" ">
    <subfield code="a">Ligue Internationale et Permanente de la Paix.</subfield>
    <subfield code="9">155478</subfield>
  </datafield>
  <datafield tag="830" ind1="0" ind2=" ">
    <subfield code="a">Biblioth&#xE8;que de la paix publi&#xE9;e par les soins de la Ligue internationale et permanente de la paix ; </subfield>
    <subfield code="v">12</subfield>
    <subfield code="9">192012</subfield>
  </datafield>
  <datafield tag="852" ind1=" " ind2=" ">
    <subfield code="a">ES-MaACL</subfield>
    <subfield code="j">T-1295-F-5 </subfield>
    <subfield code="z">.- Donat. Bosch</subfield>
  </datafield>
  <datafield tag="999" ind1=" " ind2=" ">
    <subfield code="c">183670</subfield>
    <subfield code="d">183670</subfield>
  </datafield>
  <datafield tag="952" ind1=" " ind2=" ">
    <subfield code="0">0</subfield>
    <subfield code="1">0</subfield>
    <subfield code="4">0</subfield>
    <subfield code="7">0</subfield>
    <subfield code="8">Colecci&#xF3;n_de_folletos</subfield>
    <subfield code="a">ATENEOM</subfield>
    <subfield code="b">ATENEOM</subfield>
    <subfield code="c">DEPOF</subfield>
    <subfield code="d">2014-09-18</subfield>
    <subfield code="e">DON</subfield>
    <subfield code="l">0</subfield>
    <subfield code="o">T-1295-F-5</subfield>
    <subfield code="p">1193092</subfield>
    <subfield code="r">2023-02-23 00:00:00</subfield>
    <subfield code="w">2023-02-23</subfield>
    <subfield code="y">FOLLETOS</subfield>
  </datafield>
</record>
